000
00209nam a22000857a 4500
008
160630b xxu||||| |||| 00| 0 eng d
100
_9
1615
_a
Dreamland Publication
245
_a
Rapunzel
260
_a
N.D
_b
M/S Arya
999
_c
1339
_d
1339